What country is golf course in? - Statistics

General Stats
  • This quiz has been taken 118 times
  • The average score is 10 of 11
Answer Stats
Hint Answer % Correct
Augusta USA
99%
Pebble Beach USA
99%
Medinah USA
99%
The Old Course Scotland
97%
Gleneagles Scotland
97%
Le Golf National France
94%
The Belfry England
91%
Royal Birkdale England
91%
The K club Ireland (Republic of)
89%
Valderrama Spain
86%
Celtic Manor Resort Wales
72%
No matching quizzes found
Score Distribution
Percent of People with Each Score
Percentile by Number Answered
Your Score History
You have not taken this quiz